| 000 | 01211nam a2200313 i 4500 | ||
|---|---|---|---|
| 003 | DO-SdBNP | ||
| 005 | 20231020141631.0 | ||
| 007 | ta | ||
| 008 | 231020b2023 dr abc|| |||| 00| 0 spa d | ||
| 020 | _a9789945241969 | ||
| 040 |
_aDO-SdBNP _bspa _cBNPHU _erda |
||
| 082 | 4 | _222 | |
| 100 |
_4Almonte Ysiano, Ana Iris, _eautora |
||
| 245 | 0 | 0 |
_aCiencias Sociales 2 : _bdel Proyecto Activamente. primer ciclo educación secundaria / _cAna Iris Almonte Tsiano ; editores, Fanny Capellán Almonte, Eric Castro Ricart ; corrección, Mirtha González Gutiérrez |
| 264 |
_aSanto Domingo : _bSantillana, _c2023 |
||
| 300 |
_avolumen : _bilustraciones, retratos, mapas, diagrámas ; _c28 cm. |
||
| 336 |
_2rdacontent _atexto _btxt |
||
| 337 |
_2rdamedia _asin mediación _bn |
||
| 338 |
_2rdacarrier _avolumen _bnc |
||
| 490 | _aProyecto activa mente | ||
| 505 | 0 |
_av. 1 -- _tlibro del maestro. |
|
| 590 | _aInventariado, 2023/BT | ||
| 700 | 1 |
_aCapellán Almonte, Fanny, _929833 _eeditor |
|
| 700 | 1 |
_aCastro Ricart, Eric, _eeditor _923170 |
|
| 700 | 1 |
_aGonzález Gutiérrez, Mirtha, _ecorrección _973778 |
|
| 700 | 1 |
_aVargas Ortega, Gisela M., _erevisión editorial _9346 |
|
| 910 | _aBtavárez | ||
| 942 |
_2ddc _cLBS1 |
||
| 999 |
_c55224 _d55224 |
||